logo

Bir Sreshtho Munshi Abdur Rouf Library
Jhenaidah Cadet College

Nostromo : (Record no. 6981)

MARC details
000 -LEADER
fixed length control field 00619nam a22002417a 4500
001 - CONTROL NUMBER
JCCL Control Number 6981
003 - CONTROL NUMBER IDENTIFIER
JCCL marc code BD-JhCC
005 - DATE AND TIME OF LATEST TRANSACTION
control field 20180329181741.0
008 - FIXED-LENGTH DATA ELEMENTS--GENERAL INFORMATION
fixed length control field 180127s1904 e o||| |||| 00| 0 eng d
020 ## - INTERNATIONAL STANDARD BOOK NUMBER
International Standard Book Number 9848715053
035 ## - SYSTEM CONTROL NUMBER
system control number (BD-JhCC)6981
040 ## - CATALOGING SOURCE
Original cataloging agency BD-JhCC
Modifying agency BD-JhCC
041 ## - LANGUAGE CODE
Language code of Book eng
082 ## - DEWEY DECIMAL CLASSIFICATION NUMBER
Classification number 791.4372
Author mark and Year CON 1963
100 ## - MAIN ENTRY--PERSONAL NAME
Personal name Conrad, Joseph
245 ## - TITLE STATEMENT
Title Nostromo :
Remainder of title A Tale of the Seaboard /
Statement of responsibility, etc Joseph Conrad
260 ## - PUBLICATION, DISTRIBUTION, ETC. (IMPRINT)
Place of publication, distribution, etc England:
Name of publisher, distributor, etc Penguin Books Ltd,,
Date of publication, distribution, etc 1904.
300 ## - PHYSICAL DESCRIPTION
Pagination 462 p. :
Dimensions 19 cm.
500 ## - GENERAL NOTE
General note Includes Index
650 ## - SUBJECT ADDED ENTRY--TOPICAL TERM
Topical term or geographic name as entry element Motions Picture Plays
942 ## - ADDED ENTRY ELEMENTS (KOHA)
Source of classification or shelving scheme Dewey Decimal Classification
Koha item type Books
Holdings
Source of classification or shelving scheme Damaged status Not for loan Home library Current library Shelving location Date of accession Total Checkouts Full call number Barcode Date last seen Copy number Koha item type
Dewey Decimal Classification     JCC Rouf Library JCC Rouf Library General Stacks 02/03/2018   791.4372 CON 1963 9504 02/03/2018 C-1 Books

JCC Library | Contacts | JCC Home

Last Update on 23 September 2017
Copyright @ 2017-2020 JCC Rouf Library
Rouf Library, Jhenidah Cadet College (JCC), Bangladesh